000 01143nam a2200229Ia 4500
001 L330-48092
003 IT-CnALBA
008 170116s9999||||xx |||||||||||||| ||und||
040 _aIT-CnALBA
_cIT-CnALBA
041 _aITALIANO
100 _aRUBERTO PIETRO
245 0 _aESSERE ACLI A LAMEZIA TERME. SOLIDARIETÀ IMPEGNO TESTIMONIANZA.
250 _a1a ed.
260 _aALBA (CN)
_bACLI DI CUNEO
_c1991 [1° Ed.:1991 - Ed.Ling.Originale: 1991]
300 _a227 p.
500 _aINTRODUZIONE. MOSCATO C. VERALDI V. RIMEDIO V, VESCOVO. ORIGINI 1979. IMPOSTAZIONE IDEOLOGICA 1980 1984. CIRCOLO ACLI SAMBIASE. ASSESTAMENTO E RILANCIO DEL MOVIMENTO 1985 1989. TESTIMONIANZE. TAPPE SIGNIFICATIVE. APPENDICE.
501 _aSocietà San Paolo EM - Piazza San Paolo, 14 - 12051 ALBA (CN) (non commercial uses only) ® Copyright 2017
520 _aINTRODUZIONE. MOSCATO C. VERALDI V. RIMEDIO V, VESCOVO. ORIGINI 1979. IMPOSTAZIONE IDEOLOGICA 1980 1984. CIRCOLO ACLI SAMBIASE. ASSESTAMENTO E RILANCIO DEL MOVIMENTO 1985 1989. TESTIMONIANZE. TAPPE SIGNIFICATIVE. APPENDICE.
650 _aECONOMIA
942 _cBK
957 _71
999 _a54607
_bNO
_g Copie: 1
_c307013
_d307013